=LDR 00000nam 2200000 4500 =001 INLIS000000000013059 =005 20130612104518 =008 ***********************************Ind** =035 ##$$0010-061300000013059 =041 ##$$a Ind =082 ##$$a 811 =090 ##$$a 811, Haq u =100 ##$$a Haqani, Luqman =245 ##$$a Ungkapan isi hati melalui, Luqman Haqani =260 ##$$a 2003 $b Bandung =300 ##$$a 76 hlm, 19 cm =650 ##$$a Puisi Indonesia =850 ##$$a NBPNMAT